LIBRARY & INFORMATION CENTRE, KCAET, TAVANUR

ONLINE PUBLIC ACCESS CATALOGUE (OPAC)

Principles of Economics / (Record no. 2058)

MARC details
000 -LEADER
fixed length control field 00323cam a2200133ua 4500
082 ## - DEWEY DECIMAL CLASSIFICATION NUMBER
Classification number 330
Item number SUN/PR
100 ## - MAIN ENTRY--AUTHOR NAME
Personal name Sundharam, K.P.M .
245 ## - TITLE STATEMENT
Title Principles of Economics /
250 ## - EDITION STATEMENT
Edition statement 7 /
260 ## - PUBLICATION, DISTRIBUTION, ETC. (IMPRINT)
Place of publication Agra :
Name of publisher Ratan Prakashan Mandir ,
Year of publication 1970.
300 ## - PHYSICAL DESCRIPTION
Number of Pages 617 ; .
700 1# - ADDED ENTRY--PERSONAL NAME
Personal name Vaish, M.C .
942 ## - ADDED ENTRY ELEMENTS (KOHA)
Koha item type Books
Holdings
Withdrawn status Lost status Damaged status Home library Current library Date acquired Full call number Accession Number Koha item type
Withdrawn     KAUAET Sanskrit University 07/04/2012 330 13218 Books
Withdrawn     KAUAET Sanskrit University 05/11/2022 330 SUN/PR 13219 Books
free website counter